Online
Catalog

Los caminos del MERCOSUR : (Record no. 7387)

MARC details
000 -CABECERA
campo de control de longitud fija 01264cam a2200289 a 4500
001 - NÚMERO DE CONTROL
campo de control 000007607
003 - IDENTIFICADOR DEL NÚMERO DE CONTROL
campo de control DO-SdBNP
005 - FECHA Y HORA DE LA ÚLTIMA TRANSACCIÓN
campo de control 20231109082303.0
008 - DATOS DE LONGITUD FIJA--INFORMACIÓN GENERAL
campo de control de longitud fija 050208s2004 mx ab b i000 0 spa
020 ## - NÚMERO INTERNACIONAL ESTÁNDAR DEL LIBRO
Número Internacional Estándar del Libro 9686384693
040 ## - FUENTE DE LA CATALOGACIÓN
Centro catalogador/agencia de origen DO-SdBNP
Lengua de catalogación spa
Centro/agencia transcriptor BNPHU
082 #4 - NÚMERO DE LA CLASIFICACIÓN DECIMAL DEWEY
Número de clasificación 330.98
Número de documento/Ítem S586c
Número de edición 22
100 1# - ENTRADA PRINCIPAL--NOMBRE DE PERSONA
Nombre de persona Silva, Hérnan A.
9 (RLIN) 21091
245 10 - MENCIÓN DE TÍTULO
Título Los caminos del MERCOSUR :
Resto del título historia económica regional, etapa colonial /
Mención de responsabilidad, etc. Hérnan A. Silva.
260 ## - PUBLICACIÓN, DISTRIBUCIÓN, ETC.
Lugar de publicación, distribución, etc. México :
Nombre del editor, distribuidor, etc. Instituto Panamericano de Geografía e Historia, OEA,
Fecha de publicación, distribución, etc. 2004.
300 ## - DESCRIPCIÓN FÍSICA
Extensión 480 p. :
Otras características físicas il., mapas ;
Dimensiones 23 cm.
490 1# - MENCIÓN DE SERIE
Mención de serie Instituto Panamericano de Geografía e Historia
Designación de volumen o secuencia 531
500 ## - NOTA GENERAL
Nota general "Instituto Panamericano de Geografía e Historia. Comisión de Historia"--T.p. verso.
504 ## - NOTA DE BIBLIOGRAFÍA, ETC.
Nota de bibliografía, etc. Incluye referencias bibliográficas y notas al pie de las páginas.
546 ## - NOTA DE LENGUA/LENGUAJE
Nota de lengua/lenguaje Spanish and Portuguese.
651 #4 - PUNTO DE ACCESO ADICIONAL DE MATERIA--NOMBRE GEOGRÁFICO
Nombre geográfico América Del Sur
Subdivisión general Condiciones económicas
Subdivisión cronológica Siglo XX
9 (RLIN) 21092
651 #4 - PUNTO DE ACCESO ADICIONAL DE MATERIA--NOMBRE GEOGRÁFICO
Nombre geográfico América del Sur
Subdivisión general Condiciones económicas
Subdivisión cronológica Siglo XX
9 (RLIN) 21093
651 #4 - PUNTO DE ACCESO ADICIONAL DE MATERIA--NOMBRE GEOGRÁFICO
Nombre geográfico América del Sur
Subdivisión general Condiciones económicas
Subdivisión cronológica Siglo XVIII
9 (RLIN) 21094
651 #4 - PUNTO DE ACCESO ADICIONAL DE MATERIA--NOMBRE GEOGRÁFICO
Nombre geográfico América del Sur
Subdivisión general Condiciones económicas
Subdivisión cronológica Siglo XVII
9 (RLIN) 21095
651 #4 - PUNTO DE ACCESO ADICIONAL DE MATERIA--NOMBRE GEOGRÁFICO
Nombre geográfico América Del Sur
Subdivisión general Condiciones económicas
Subdivisión cronológica Siglo XVI
9 (RLIN) 21096
942 ## - ELEMENTOS DE PUNTO DE ACCESO ADICIONAL (KOHA)
Fuente del sistema de clasificación o colocación Dewey Decimal Classification
Tipo de ítem Koha Libro
Holdings
Estado de retiro Estado de pérdida Restricciones de uso No para préstamo Código de colección Localización permanente Ubicación/localización actual Ubicación en estantería Fecha de adquisición Número de inventario Total de préstamos Signatura topográfica completa Código de barras Fecha visto por última vez Precio válido a partir de Tipo de ítem Koha
      Excluido de préstamo Monografías: Libros y Folletos General General Depósito 09.09.2009 LF1   330.98 S586c 7607-10 25.06.2020 25.06.2020 No se presta
        Monografías: Libros y Folletos General General Orden iniciada 29.05.2017 LF1   330.98 S586c 7607-20 25.06.2020 25.06.2020 No se presta

Powered by Koha